Research series in applied finance : business and regulatory environment (Record no. 172063)

MARC details
000 -LEADER
fixed length control field 00470nam a2200145Ia 4500
008 - FIXED-LENGTH DATA ELEMENTS--GENERAL INFORMATION
fixed length control field 231217s9999 xx 000 0 und d
041 ## - LANGUAGE CODE
Language code of text/sound track or separate title English
082 ## - DEWEY DECIMAL CLASSIFICATION NUMBER
Classification number 658.1 ICF2;1 R
100 ## - MAIN ENTRY--PERSONAL NAME
Personal name Institute of chartered Financial Analysts of India
245 #0 - TITLE STATEMENT
Title Research series in applied finance : business and regulatory environment
260 ## - PUBLICATION, DISTRIBUTION, ETC.
Date of publication, distribution, etc. 2000
Name of publisher, distributor, etc. ICFAI
Place of publication, distribution, etc. Hyderabad
300 ## - PHYSICAL DESCRIPTION
Extent 142
650 ## - SUBJECT ADDED ENTRY--TOPICAL TERM
Topical term or geographic name entry element Research,series,finance,:,banking,financial,services
942 ## - ADDED ENTRY ELEMENTS (KOHA)
Koha item type Books
Holdings
Date last seen Total checkouts Full call number Accession number Price effective from Category Lost status Damaged status Department Withdrawn status Home library Current library Shelving location Entry date Grants Billdate Currency symbol Conversion rate Discount Old discount
26/01/2024   658.1 ICF2;1 R 27804 26/01/2024 Books     F-Block Annex   Central Library Central Library F-Block Library Annex 05/05/2004 DONATED 01/02/2006 RS 1    

© For any Suggestions or Query, please contact the library staff @ librarian@pes.edu or Phone: +9180 2672 1983/ 2108.